<?xml version="1.0" encoding="UTF-8"?>
<record
    xmlns:xsi="http://www.w3.org/2001/XMLSchema-instance"
    xsi:schemaLocation="http://www.loc.gov/MARC21/slim http://www.loc.gov/standards/marcxml/schema/MARC21slim.xsd"
    xmlns="http://www.loc.gov/MARC21/slim">

  <leader>01468nam a2200193 a 4500</leader>
  <controlfield tag="005">20250816132659.0</controlfield>
  <datafield tag="020" ind1=" " ind2=" ">
    <subfield code="a">0435631063 (paperback)</subfield>
  </datafield>
  <datafield tag="020" ind1=" " ind2=" ">
    <subfield code="a">9780435631062 (paperback)</subfield>
  </datafield>
  <datafield tag="082" ind1=" " ind2=" ">
    <subfield code="a">540 BUR</subfield>
  </datafield>
  <datafield tag="100" ind1="1" ind2=" ">
    <subfield code="a">Burton, George.</subfield>
    <subfield code="9">664</subfield>
  </datafield>
  <datafield tag="245" ind1="1" ind2="0">
    <subfield code="a">Salters' advanced chemistry :Chemical Storylines</subfield>
  </datafield>
  <datafield tag="260" ind1=" " ind2=" ">
    <subfield code="a">[S.l.] :</subfield>
    <subfield code="b">Heinemann Educational Publishers,</subfield>
    <subfield code="c">1994.</subfield>
  </datafield>
  <datafield tag="300" ind1=" " ind2=" ">
    <subfield code="a">301 p. ;</subfield>
  </datafield>
  <datafield tag="520" ind1=" " ind2=" ">
    <subfield code="a">"Salters' Advanced Chemistry" is a course for 16- to 19-year-olds using a fully-approved A level syllabus administered by the Oxford and Cambridge Board. It aims to show students that the subject is worth studying in its own right, has vocational relevance, and can be enjoyable without compromising academic standards. The course attempts to convey the excitement of contemporary chemistry, exploring the frontiers of chemical research and development and placing chemistry in the context of its practical applications. It has been tested in a variety of schools and colleges. One of four titles in the series, "Chemical Storylines" lies at the heart of the course. It conveys the purpose and drama of chemistry by presenting it in the context of its practical applications, its history and its present research frontiers. Assignments provide questions so that students can check their understanding of the material.</subfield>
  </datafield>
  <datafield tag="650" ind1=" " ind2=" ">
    <subfield code="a">chemistry</subfield>
  </datafield>
  <datafield tag="700" ind1="1" ind2=" ">
    <subfield code="a">etc.</subfield>
    <subfield code="9">305</subfield>
  </datafield>
  <datafield tag="856" ind1="4" ind2="0">
    <subfield code="u">http://www.amazon.com/exec/obidos/ASIN/0435631063/chopaconline-20</subfield>
  </datafield>
  <datafield tag="942" ind1=" " ind2=" ">
    <subfield code="c">BK</subfield>
  </datafield>
  <datafield tag="999" ind1=" " ind2=" ">
    <subfield code="c">1039</subfield>
    <subfield code="d">1039</subfield>
  </datafield>
  <datafield tag="952" ind1=" " ind2=" ">
    <subfield code="0">0</subfield>
    <subfield code="1">0</subfield>
    <subfield code="7">0</subfield>
    <subfield code="8">REF</subfield>
    <subfield code="a">MLCampus</subfield>
    <subfield code="b">MLCampus</subfield>
    <subfield code="c">GEN</subfield>
    <subfield code="d">2015-06-09</subfield>
    <subfield code="g">1340.00</subfield>
    <subfield code="l">0</subfield>
    <subfield code="o">540 BUR</subfield>
    <subfield code="p">002377</subfield>
    <subfield code="r">2022-11-17 00:00:00</subfield>
    <subfield code="w">2015-06-09</subfield>
    <subfield code="y">BK</subfield>
  </datafield>
  <datafield tag="952" ind1=" " ind2=" ">
    <subfield code="0">0</subfield>
    <subfield code="1">0</subfield>
    <subfield code="7">0</subfield>
    <subfield code="8">NFIC</subfield>
    <subfield code="a">MLCampus</subfield>
    <subfield code="b">MLCampus</subfield>
    <subfield code="c">GEN</subfield>
    <subfield code="d">2015-06-09</subfield>
    <subfield code="g">1340.00</subfield>
    <subfield code="l">0</subfield>
    <subfield code="o">540 BUR</subfield>
    <subfield code="p">002638</subfield>
    <subfield code="r">2022-11-17 00:00:00</subfield>
    <subfield code="w">2015-06-09</subfield>
    <subfield code="y">BK</subfield>
  </datafield>
  <datafield tag="952" ind1=" " ind2=" ">
    <subfield code="0">0</subfield>
    <subfield code="1">0</subfield>
    <subfield code="7">0</subfield>
    <subfield code="8">NFIC</subfield>
    <subfield code="a">MLCampus</subfield>
    <subfield code="b">MLCampus</subfield>
    <subfield code="c">GEN</subfield>
    <subfield code="d">2015-06-09</subfield>
    <subfield code="g">1340.00</subfield>
    <subfield code="l">1</subfield>
    <subfield code="o">540 BUR</subfield>
    <subfield code="p">002639</subfield>
    <subfield code="r">2024-05-08 13:14:31</subfield>
    <subfield code="s">2024-05-08</subfield>
    <subfield code="w">2015-06-09</subfield>
    <subfield code="y">BK</subfield>
  </datafield>
</record>
